000 00401nam a2200169Ia 4500
005 20250423095809.0
008 250422s9999 xx 000 0 und d
020 _a9788131728505
050 _aTP 248.2 .T49/
100 _aThieman, William J.
245 0 _aIntroduction to biotechnology
250 _a2nd ed.
260 _aBoston
260 _bPEARSON
650 _aBiotechnology
942 _cBK
999 _c31362
_d31362